Southville International School and Colleges
Your cart is empty.
  • Cart
  • Lists
    Public lists list_1 View all
    Your lists Log in to create your own lists
  • Log in to your account
  • Your cookies
  • Search history
Southville International School and Colleges
  • Advanced search
  • Recent comments
  • Most popular
  • Libraries

Log in to your account

Log in with GOOGLE


If you do not have an external account, but do have a local account, you can still log in:

  1. Home
  2. MARC view: Financial management :
Normal view MARC view ISBD view

Financial management : (Record no. 363753)

[ view plain ]
MARC details
000 -LEADER
fixed length control field 00515nam a2200157Ia 4500
008 - FIXED-LENGTH DATA ELEMENTS--GENERAL INFORMATION
fixed length control field 200619s9999 xx 000 0 und d
020 ## - INTERNATIONAL STANDARD BOOK NUMBER
International Standard Book Number 9.780324225e+012
100 ## - MAIN ENTRY--PERSONAL NAME
Personal name Brigham, Eugene F.
245 ## - TITLE STATEMENT
Statement of responsibility, etc Brigham, Eugene F. ; Ehrhardt, Michael C.--
Title Financial management :
Remainder of title theory and practice /
250 ## - EDITION STATEMENT
Edition statement 11th ed.
260 ## - PUBLICATION, DISTRIBUTION, ETC. (IMPRINT)
Place of publication, distribution, etc Ohio:
Name of publisher, distributor, etc South-Western
Date of publication, distribution, etc 2005
300 ## - PHYSICAL DESCRIPTION
Extent xxii, 1000 pages
500 ## - GENERAL NOTE
General note Includes appendix and index.
650 ## - SUBJECT ADDED ENTRY--TOPICAL TERM
Topical term or geographic name as entry element Corporations -- Finance.
650 ## - SUBJECT ADDED ENTRY--TOPICAL TERM
Topical term or geographic name as entry element Entreprises -- Finances.
Holdings
Withdrawn status Lost status Damaged status Home library Current library Shelving location Date acquired Total Checkouts Full call number Barcode Date last seen Price effective from Koha item type
      Southville International School Affiliated with Foreign Universities Library Southville International School Affiliated with Foreign Universities Library Southville Foreign University Section 06/19/2020   HG 4026 .B855 2005 SFU0727 06/19/2020 06/19/2020 Books

Financial management :

APA

Brigham E. F., . (2005). Financial management. Ohio: South-Western.

Chicago

Brigham Eugene F, . 2005. Financial management. Ohio: South-Western.

Harvard

Brigham E. F., . (2005). Financial management. Ohio: South-Western.

MLA

Brigham Eugene F, . Financial management. Ohio: South-Western. 2005.

  • Place hold
  • Print
  • Cite
  • Add to your cart (remove)
  • Save record
    BIBTEX Dublin Core MARCXML MARC (non-Unicode/MARC-8) MARC (Unicode/UTF-8) MARC (Unicode/UTF-8, Standard) MODS (XML) RIS
  • More searches
    Search for this title in:
    Other Libraries (WorldCat) Other Databases (Google Scholar) Online Stores (Bookfinder.com) Open Library (openlibrary.org)

Exporting to Dublin Core...

SOUTHVILLE LIBRARY

Southville International School and Colleges Library

1281 Tropical Ave. Cor. Luxembourg St., BF Homes International, Las Pinas City

Tel. No. 8256374 / 252358 Loc. 117/146

Powered by Koha